Statistics for MLB Team Logo Quiz

Click here to take the quiz!

General Stats

  • This quiz has been taken 325 times
    (319 since last reset)
  • The average score is 24 of 30

Answer Stats

Answer% Correct
Arizona Diamondbacks
91%
Chicago Cubs
90%
Chicago White Sox
90%
Boston Red Sox
88%
Baltimore Orioles
87%
Los Angeles Angels
87%
Atlanta Braves
86%
New York Yankees
86%
Cincinnati Reds
85%
Houston Astros
85%
Los Angeles Dodgers
85%
Kansas City Royals
84%
Pittsburgh Pirates
83%
Miami Marlins
82%
Oakland Athletics
82%
New York Mets
80%
St Louis Cardinals
80%
Toronto Blue Jays
79%
Cleveland Guardians
78%
Colorado Rockies
78%
Detroit Tigers
78%
Philadelphia Phillies
77%
San Francisco Giants
75%
Seattle Mariners
75%
Milwaukee Brewers
74%
San Diego Padres
73%
Minnesota Twins
72%
Tampa Bay Rays
72%
Texas Rangers
72%
Washington Nationals
72%

Score Distribution

Percentile by Number Answered

Percent of People with Each Score

Your Score History

You have not taken this quiz since the last reset